[Event "CYCC U14"]
[Site "Sault Ste Marie CAN"]
[Date "2017.07.08"]
[Round "5.34"]
[White "Lehingrat, Callum"]
[Black "Washimkar, Arhant"]
[Result "1/2-1/2"]
[WhiteElo "1794"]
[BlackElo "1922"]
[WhiteFideId "-1"]
[WhiteFideId "-1"]
[PlyCount "70"]
[GameId "2160767908410548"]
[EventDate "2017.07.06"]
[EventType "swiss"]
[EventRounds "7"]
[EventCountry "CAN"]
[SourceTitle "EXT 2022"]
[Source "ChessBase"]
[SourceDate "2021.10.06"]
[SourceVersion "1"]
[SourceVersionDate "2021.10.06"]
[SourceQuality "1"]

1. d4 Nf6 2. c4 g6 3. Nc3 Bg7 4. e4 d6 5. Nf3 O-O 6. Be2 e5 7. O-O Nc6 8. d5 Ne7 9. Ne1 Nd7 10. Nd3 f5 11. Bd2 f4 12. Bg4 Nf6 13. Bxc8 Rxc8 14. f3 g5 15. Rc1 h5 16. c5 Rf7 17. Qb3 b6 18. cxd6 cxd6 19. Nb5 Qd7 20. Rxc8+ Nxc8 21. Rc1 Bf8 22. Nc7 g4 23. Ne6 gxf3 24. gxf3 Ne8 25. Qc4 Ne7 26. Nb4 Ng7 27. Kf2 Rf6 28. Nxg7 Kxg7 29. Rg1+ Rg6 30. Qf1 Kh7 31. Rxg6 Nxg6 32. Nc6 Be7 33. Ke2 Qc8 34. Kd1 Qd7 35. Be1 Bh4 1/2-1/2

[Event "CYCC U14"]
[Site "Sault Ste Marie CAN"]
[Date "2017.07.08"]
[Round "5.36"]
[White "Surya, Benito"]
[Black "Bu, Kevin1"]
[Result "1/2-1/2"]
[WhiteElo "1994"]
[BlackElo "1981"]
[WhiteFideId "-1"]
[WhiteFideId "-1"]
[PlyCount "60"]
[GameId "2160767908410550"]
[EventDate "2017.07.06"]
[EventType "swiss"]
[EventRounds "7"]
[EventCountry "CAN"]
[SourceTitle "EXT 2022"]
[Source "ChessBase"]
[SourceDate "2021.10.06"]
[SourceVersion "1"]
[SourceVersionDate "2021.10.06"]
[SourceQuality "1"]

1. e4 Nf6 2. e5 Nd5 3. Nc3 Nxc3 4. dxc3 d6 5. Nf3 Nc6 6. Bf4 dxe5 7. Qxd8+ Nxd8 8. Bxe5 c6 9. O-O-O f6 10. Bg3 e5 11. Bc4 Be7 12. Rhe1 Bg4 13. h3 Bxf3 14. gxf3 b5 15. Bb3 g5 16. c4 Nf7 17. cxb5 cxb5 18. Rd5 a6 19. a4 Nd6 20. Bxe5 fxe5 21. Rdxe5 Ra7 22. Rxg5 Kd8 23. Rd5 Rf8 24. Rd3 Rf4 25. Re4 Rf6 26. Rg4 Rg6 27. Rxg6 hxg6 28. Kd2 Ke8 29. axb5 axb5 30. Ke3 Rc7 1/2-1/2

[Event "CYCC U14"]
[Site "Sault Ste Marie CAN"]
[Date "2017.07.08"]
[Round "5.37"]
[White "Yang, Brian"]
[Black "Wang, Kaixin"]
[Result "0-1"]
[WhiteElo "1194"]
[BlackElo "1957"]
[WhiteFideId "-1"]
[WhiteFideId "-1"]
[PlyCount "74"]
[GameId "2160767908410551"]
[EventDate "2017.07.06"]
[EventType "swiss"]
[EventRounds "7"]
[EventCountry "CAN"]
[SourceTitle "EXT 2022"]
[Source "ChessBase"]
[SourceDate "2021.10.06"]
[SourceVersion "1"]
[SourceVersionDate "2021.10.06"]
[SourceQuality "1"]

1. e4 c5 2. d3 Nc6 3. Nf3 d6 4. g3 Nf6 5. Bg2 g6 6. Nbd2 Bg7 7. O-O O-O 8. a4 e6 9. c3 Ne8 10. Qe2 e5 11. Nc4 f5 12. Bg5 Nf6 13. Qd2 Qc7 14. Bh3 fxe4 15. Bxc8 Raxc8 16. Nh4 d5 17. Ne3 d4 18. Bxf6 dxe3 19. Qxe3 Bxf6 20. dxe4 Bxh4 21. gxh4 Qe7 22. Qg3 Rf4 23. h5 Qe6 24. Kh1 Rxe4 25. Qd3 Rg4 26. f3 Rg5 27. hxg6 Rxg6 28. Rae1 Rd8 29. Qe3 c4 30. f4 Qd5+ 31. Rf3 Rf8 32. f5 Rxf5 33. Ref1 Rgf6 34. Rg1+ Kf7 35. Rg2 Rxf3 36. Rg7+ Kxg7 37. Qg5+ Rg6 0-1

[Event "CYCC U14"]
[Site "Sault Ste Marie CAN"]
[Date "2017.07.08"]
[Round "5.38"]
[White "Shinn, Jungmin"]
[Black "Liao, Joseph"]
[Result "0-1"]
[WhiteElo "1079"]
[BlackElo "1674"]
[WhiteFideId "-1"]
[WhiteFideId "-1"]
[PlyCount "48"]
[GameId "2160767908410552"]
[EventDate "2017.07.06"]
[EventType "swiss"]
[EventRounds "7"]
[EventCountry "CAN"]
[SourceTitle "EXT 2022"]
[Source "ChessBase"]
[SourceDate "2021.10.06"]
[SourceVersion "1"]
[SourceVersionDate "2021.10.06"]
[SourceQuality "1"]

1. e4 e6 2. d3 d5 3. Nd2 Nf6 4. g3 Be7 5. Bg2 dxe4 6. dxe4 Nc6 7. Ngf3 e5 8. O-O Bg4 9. h3 Bh5 10. g4 Bg6 11. Qe2 h5 12. gxh5 Bxh5 13. Qb5 Bxf3 14. Nxf3 Qd6 15. Be3 O-O-O 16. Rfd1 Qxd1+ 17. Rxd1 Rxd1+ 18. Kh2 Ng4+ 19. Kg3 Nxe3 20. fxe3 Rdd8 21. h4 Rh6 22. Bh3+ Kb8 23. Bg4 g6 24. Nxe5 Nxe5 0-1

[Event "CYCC U14"]
[Site "Sault Ste Marie CAN"]
[Date "2017.07.08"]
[Round "5.39"]
[White "Mirabelli, Aidan"]
[Black "Cloutier, Simon"]
[Result "1-0"]
[WhiteElo "1453"]
[BlackElo "1163"]
[WhiteFideId "-1"]
[WhiteFideId "-1"]
[PlyCount "61"]
[GameId "2160767908410553"]
[EventDate "2017.07.06"]
[EventType "swiss"]
[EventRounds "7"]
[EventCountry "CAN"]
[SourceTitle "hb 2017"]

1. e4 e5 2. Nf3 Nc6 3. Bc4 Bc5 4. c3 Nf6 5. d4 exd4 6. cxd4 Bb4+ 7. Bd2 Nxe4 8. Bxb4 Nxb4 9. Bxf7+ Kxf7 10. Qb3+ d5 11. Ne5+ Ke6 12. Qxb4 c5 13. Qa4 cxd4 14. Qxd4 Qf6 15. Nf3 Bd7 16. Nbd2 Rhe8 17. O-O Bc6 18. Rfe1 Kf7 19. Nxe4 dxe4 20. Qc4+ Kg6 21. Nd4 Rac8 22. Rad1 Red8 23. h3 Bd5 24. Qe2 Bxa2 25. Qxe4+ Kf7 26. Qxb7+ Kg8 27. Nc6 Re8 28. Ne7+ Rxe7 29. Qxc8+ Kf7 30. Rxe7+ Qxe7 31. Rd7 1-0

[Event "CYCC U14"]
[Site "Sault Ste Marie CAN"]
[Date "2017.07.08"]
[Round "5.40"]
[White "Huang, Jingran"]
[Black "Makarczyk, David"]
[Result "0-1"]
[WhiteElo "1015"]
[BlackElo "1414"]
[WhiteFideId "-1"]
[WhiteFideId "-1"]
[PlyCount "114"]
[GameId "2160767908410554"]
[EventDate "2017.07.06"]
[EventType "swiss"]
[EventRounds "7"]
[EventCountry "CAN"]
[SourceTitle "EXT 2022"]
[Source "ChessBase"]
[SourceDate "2021.10.06"]
[SourceVersion "1"]
[SourceVersionDate "2021.10.06"]
[SourceQuality "1"]

1. e4 c5 2. Nf3 Nc6 3. d4 cxd4 4. Nxd4 e5 5. Nf3 Nf6 6. Nc3 Bb4 7. Bd3 d5 8. Bd2 Bxc3 9. Bxc3 dxe4 10. Nxe5 Nxe5 11. Bxe5 exd3 12. cxd3 O-O 13. O-O Bf5 14. d4 Nd5 15. Qf3 Be6 16. Rad1 f6 17. Bg3 Qd7 18. h3 Rac8 19. Rfe1 Rfe8 20. a3 Bf7 21. Qd3 Rxe1+ 22. Rxe1 Re8 23. Rc1 Rc8 24. Re1 Rc6 25. Qe4 Re6 26. Qb1 Rxe1+ 27. Qxe1 g6 28. Qd2 Kg7 29. f3 Qf5 30. Bd6 g5 31. Kh2 h5 32. Bg3 Nf4 33. h4 Ng6 34. hxg5 fxg5 35. Qc3 Nf4 36. Qd2 h4 37. Bf2 Nd5 38. Qe2 Qe6 39. Qd2 Nf4 40. Bxh4 Qh6 41. g3 gxh4 42. Qxf4 Qxf4 43. gxf4 Kf6 44. Kh3 Kf5 45. Kxh4 Kxf4 46. b4 Kxf3 47. Kg5 Ke4 48. Kf6 Kxd4 49. Kxf7 Kc4 50. Ke6 Kb3 51. Kd5 Ka4 52. Kc5 b6+ 53. Kc6 Kxa3 54. Kb5 Kb3 55. Ka6 Kxb4 56. Kxa7 b5 57. Kb6 Ka4 0-1

[Event "CYCC U14"]
[Site "Sault Ste Marie CAN"]
[Date "2017.07.08"]
[Round "5.41"]
[White "Papneja, Arul"]
[Black "Dornieden, Jonas"]
[Result "1-0"]
[WhiteElo "1682"]
[BlackElo "1729"]
[WhiteFideId "-1"]
[WhiteFideId "-1"]
[PlyCount "121"]
[GameId "2160767908410556"]
[EventDate "2017.07.06"]
[EventType "swiss"]
[EventRounds "7"]
[EventCountry "CAN"]
[SourceTitle "hb 2017"]

1. e4 e5 2. Bc4 Nf6 3. d3 Nc6 4. Nc3 d6 5. Nge2 Na5 6. O-O Nxc4 7. dxc4 Be6 8. Qd3 Be7 9. Ng3 O-O 10. h3 Nd7 11. Nf5 Bxf5 12. exf5 c6 13. Ne4 Nf6 14. Nxf6+ Bxf6 15. Rd1 Be7 16. f4 f6 17. b3 Qc7 18. Ba3 Rfd8 19. Qf3 d5 20. Bxe7 Qxe7 21. cxd5 Qc5+ 22. Qf2 Qxf2+ 23. Kxf2 Rxd5 24. Rxd5 cxd5 25. fxe5 fxe5 26. Rd1 Rd8 27. Ke3 Kf7 28. g4 Kf6 29. c4 d4+ 30. Ke4 Re8 31. h4 h6 32. a3 Re7 33. b4 a6 34. c5 g5 35. h5 Rd7 36. a4 Rc7 37. Rd2 a5 38. Kd5 axb4 39. a5 Rd7+ 40. Kc4 e4 41. a6 bxa6 42. Kxb4 e3 43. c6 Rc7 44. Rxd4 Rxc6 45. Re4 Rd6 46. Kc4 a5 47. Rxe3 Rc6+ 48. Kb5 Rd6 49. Kc5 Rd7 50. Re4 Rd8 51. Re6+ Kg7 52. Rg6+ Kh7 53. Rd6 Rxd6 54. Kxd6 a4 55. f6 a3 56. f7 a2 57. f8=Q a1=Q 58. Qf5+ Kh8 59. Qe5+ Qxe5+ 60. Kxe5 Kg7 61. Ke6 1-0

[Event "CYCC U14"]
[Site "Sault Ste Marie CAN"]
[Date "2017.07.08"]
[Round "5.43"]
[White "Xie, Daniel"]
[Black "Yang, Brett"]
[Result "0-1"]
[WhiteElo "1102"]
[BlackElo "1247"]
[WhiteFideId "-1"]
[WhiteFideId "-1"]
[PlyCount "132"]
[GameId "2160767908410558"]
[EventDate "2017.07.06"]
[EventType "swiss"]
[EventRounds "7"]
[EventCountry "CAN"]
[SourceTitle "hb 2017"]

1. e4 e5 2. Nf3 Nc6 3. Bc4 Bc5 4. c3 Qe7 5. O-O Nf6 6. d3 h6 7. h3 O-O 8. Nbd2 d6 9. Re1 Nh5 10. Nf1 Qf6 11. Be3 Bxe3 12. Nxe3 Be6 13. Bxe6 fxe6 14. Ng4 Qf7 15. Re3 Ne7 16. Nfh2 Qg6 17. Nf3 Nf4 18. Nh4 Qg5 19. g3 Neg6 20. gxf4 Qxh4 21. fxe5 Nxe5 22. Rg3 Nxg4 23. Qxg4 Qxg4 24. Rxg4 Rf3 25. Rg3 Raf8 26. Rf1 g5 27. Kg2 R3f4 28. Rg4 Kg7 29. f3 Kg6 30. d4 h5 31. Rg3 d5 32. e5 R8f5 33. a3 c5 34. Rd1 cxd4 35. cxd4 h4 36. Rg4 Rxf3 37. Rd2 R3f4 38. Rxf4 Rxf4 39. Rd3 g4 40. hxg4 Rxg4+ 41. Kh3 Kf5 42. Rf3+ Kg5 43. Rd3 Rf4 44. Rd2 Rf3+ 45. Kg2 Kg4 46. Kg1 Rg3+ 47. Kh2 h3 48. a4 Rg2+ 49. Rxg2+ hxg2 50. Kxg2 Kf4 51. Kh3 Ke4 52. Kg4 Kxd4 53. Kf3 Kxe5 54. Ke3 Kf5 55. Kd4 Kf4 56. b4 e5+ 57. Kxd5 e4 58. Kd6 e3 59. Kc7 e2 60. Kxb7 e1=Q 61. b5 Qa5 62. Kb8 Qxa4 63. Ka8 Qxb5 64. Kxa7 Ke5 65. Ka8 Kd6 66. Ka7 Kc6 0-1

[Event "CYCC U14"]
[Site "Sault Ste Marie CAN"]
[Date "2017.07.08"]
[Round "5.44"]
[White "Xu, William1"]
[Black "Laird, Alexander"]
[Result "1-0"]
[WhiteElo "1101"]
[BlackElo "1283"]
[WhiteFideId "-1"]
[WhiteFideId "-1"]
[PlyCount "156"]
[GameId "2160767908410559"]
[EventDate "2017.07.06"]
[EventType "swiss"]
[EventRounds "7"]
[EventCountry "CAN"]
[SourceTitle "EXT 2022"]
[Source "ChessBase"]
[SourceDate "2021.10.06"]
[SourceVersion "1"]
[SourceVersionDate "2021.10.06"]
[SourceQuality "1"]

1. e4 e6 2. d4 d5 3. f3 c5 4. Bb5+ Bd7 5. Bxd7+ Nxd7 6. Ne2 Qb6 7. Nbc3 dxe4 8. Nxe4 Ngf6 9. Nxf6+ Nxf6 10. c3 Rd8 11. Qa4+ Nd7 12. O-O g6 13. Rb1 Bg7 14. dxc5 Qxc5+ 15. Kh1 O-O 16. Bf4 e5 17. Bg5 f6 18. Bh4 b5 19. Qb3+ Kh8 20. Rbd1 g5 21. Bf2 Qc7 22. Qxb5 e4 23. Bg3 Ne5 24. fxe4 Qe7 25. Bxe5 Rxd1 26. Rxd1 fxe5 27. Ng3 Qf7 28. Nf5 Qh5 29. Re1 Rd8 30. h3 g4 31. Nxg7 Kxg7 32. Qe2 Qh4 33. Qxg4+ Qxg4 34. hxg4 Rd2 35. Rb1 a5 36. c4 Rc2 37. b3 Rxa2 38. b4 axb4 39. Rxb4 Rc2 40. Kh2 Rc3 41. g3 Kf6 42. Kh3 Rc2 43. Rb6+ Kg5 44. Rc6 h5 45. gxh5 Kxh5 46. Rc5 Kg6 47. Rxe5 Rxc4 48. Kg4 Rc6 49. Kf4 Rf6+ 50. Rf5 Rc6 51. g4 Rc4 52. Rd5 Kf6 53. g5+ Ke6 54. Re5+ Kf7 55. Kf5 Rc1 56. g6+ Kg8 57. Kf6 Rf1+ 58. Rf5 Rg1 59. e5 Rb1 60. e6 Rb6 61. Rd5 Rb8 62. Rd6 Rf8+ 63. Kg5 Re8 64. Kh6 Kh8 65. g7+ Kg8 66. Rc6 Rb8 67. e7 Kf7 68. Kh7 Kxe7 69. g8=Q Rxg8 70. Kxg8 Kd7 71. Rh6 Ke7 72. Kg7 Kd7 73. Rf6 Ke7 74. Kg6 Kd7 75. Kf5 Ke7 76. Ke5 Kd7 77. Re6 Kc7 78. Kd5 Kb7 1-0

[Event "CYCC U14"]
[Site "Sault Ste Marie CAN"]
[Date "2017.07.08"]
[Round "5.46"]
[White "Patel, Ayush"]
[Black "Grant, Nicholas"]
[Result "1/2-1/2"]
[WhiteElo "1135"]
[BlackElo "550"]
[WhiteFideId "-1"]
[WhiteFideId "-1"]
[PlyCount "112"]
[GameId "2160767908410561"]
[EventDate "2017.07.06"]
[EventType "swiss"]
[EventRounds "7"]
[EventCountry "CAN"]
[SourceTitle "EXT 2022"]
[Source "ChessBase"]
[SourceDate "2021.10.06"]
[SourceVersion "1"]
[SourceVersionDate "2021.10.06"]
[SourceQuality "1"]

1. e4 e5 2. Nf3 Nc6 3. Bc4 Nh6 4. d3 Bc5 5. Bg5 f6 6. Bxh6 gxh6 7. Nc3 Qe7 8. Nd5 Qd6 9. Qd2 b6 10. O-O Bb7 11. Qxh6 O-O-O 12. c3 Ne7 13. Nxf6 Rdf8 14. Ng4 c6 15. Qd2 Rf4 16. h3 h5 17. Ne3 b5 18. Bb3 b4 19. c4 Rg8 20. Kh1 Qg6 21. Rg1 Qf6 22. Bd1 Ng6 23. Be2 Nh4 24. Raf1 Rg6 25. g3 Nxf3 26. Bxf3 Rxf3 27. b3 Rg7 28. Rg2 Rf7 29. Nd1 d6 30. Qe2 Kc7 31. Qd2 Bc8 32. Kh2 h4 33. g4 Be3 34. Nxe3 Qf4+ 35. Kg1 Rxh3 36. Qe2 c5 37. Qd2 Rg7 38. Qe2 a6 39. Qd1 Bd7 40. Qe2 Be8 41. Qd1 Bh5 42. f3 Qxe3+ 43. Rff2 Bf7 44. Kf1 Rh7 45. Kg1 Qf4 46. Kf1 Rg3 47. Rh2 Qe3 48. Rhg2 Rxg2 49. Rxg2 h3 50. Rh2 Qf4 51. Rh1 Qg3 52. Rg1 Qf4 53. Qe2 h2 54. Rh1 Rh3 55. Qg2 Qxf3+ 56. Qxf3 Rxf3+ 1/2-1/2

[Event "CYCC U14"]
[Site "Sault Ste Marie CAN"]
[Date "2017.07.08"]
[Round "5.47"]
[White "Renard, Christopher"]
[Black "Sher, Oleg"]
[Result "1-0"]
[WhiteElo "908"]
[BlackElo "1022"]
[WhiteFideId "-1"]
[WhiteFideId "-1"]
[PlyCount "61"]
[GameId "2160767908410562"]
[EventDate "2017.07.06"]
[EventType "swiss"]
[EventRounds "7"]
[EventCountry "CAN"]
[SourceTitle "hb 2017"]

1. e4 d6 2. Bc4 Nf6 3. Nc3 g6 4. d4 Bg7 5. Nf3 O-O 6. Bf4 Re8 7. Qd2 Bg4 8. Nh4 Nbd7 9. h3 Nb6 10. Bb3 Bc8 11. Nf3 Nbd7 12. e5 dxe5 13. Nxe5 Nxe5 14. dxe5 Qxd2+ 15. Bxd2 Nd7 16. O-O-O Nxe5 17. Nb5 Be6 18. Bxe6 Rad8 19. Bb3 Rd7 20. Nxa7 c6 21. Bf4 Rxd1+ 22. Rxd1 Ra8 23. Be3 Kf8 24. a4 Ke8 25. a5 b5 26. f4 Bh6 27. g4 Nc4 28. Bxc4 bxc4 29. Nxc6 Bg7 30. a6 f6 31. a7 1-0

[Event "CYCC U14"]
[Site "Sault Ste Marie CAN"]
[Date "2017.07.08"]
[Round "5.48"]
[White "Ketterer, Quentin"]
[Black "Asemota, Eghosa"]
[Result "0-1"]
[WhiteElo "818"]
[BlackElo "799"]
[WhiteFideId "-1"]
[WhiteFideId "-1"]
[PlyCount "94"]
[GameId "2160767908410563"]
[EventDate "2017.07.06"]
[EventType "swiss"]
[EventRounds "7"]
[EventCountry "CAN"]
[SourceTitle "hb 2017"]

1. e4 e5 2. d4 exd4 3. Qxd4 Nc6 4. Qd1 Bc5 5. Qd5 d6 6. Bc4 Be6 7. Qd3 Bxc4 8. Qxc4 Nf6 9. Nf3 O-O 10. Qb5 Bb6 11. O-O Nxe4 12. Nbd2 Nxd2 13. Bxd2 a6 14. Qd5 Qf6 15. Rab1 Nd4 16. Bc3 Nxf3+ 17. Qxf3 Qxf3 18. gxf3 Rae8 19. Rbe1 Rxe1 20. Bxe1 Re8 21. Bd2 Re2 22. Bc3 Rxc2 23. Re1 h6 24. Re8+ Kh7 25. Rf8 Rxf2 26. Rxf7 Rxf3+ 27. Kg2 Rxf7 28. Kg3 Re7 29. Kf4 g5+ 30. Kf5 Rf7+ 31. Bf6 Bd4 32. Ke6 Bxf6 33. Kxf7 d5 34. Kxf6 d4 35. Ke7 d3 36. Kd7 d2 37. Kxc7 d1=Q 38. Kb6 Qd7 39. b4 Qc6+ 40. Ka7 b5 41. a3 Kg7 42. Kb8 Kf7 43. Ka7 Ke7 44. h3 Kd7 45. Kb8 Qb6+ 46. Ka8 Kc7 47. a4 Qb7# 0-1

[Event "CYCC U14"]
[Site "Sault Ste Marie CAN"]
[Date "2017.07.08"]
[Round "5.49"]
[White "Cyrenne, Cole"]
[Black "Eirew, Milo"]
[Result "1-0"]
[WhiteElo "993"]
[BlackElo "996"]
[WhiteFideId "-1"]
[WhiteFideId "-1"]
[PlyCount "61"]
[GameId "2160767908410564"]
[EventDate "2017.07.06"]
[EventType "swiss"]
[EventRounds "7"]
[EventCountry "CAN"]
[SourceTitle "EXT 2022"]
[Source "ChessBase"]
[SourceDate "2021.10.06"]
[SourceVersion "1"]
[SourceVersionDate "2021.10.06"]
[SourceQuality "1"]

1. d4 d6 2. c4 e6 3. e4 b6 4. Nf3 Bb7 5. Nc3 Nd7 6. d5 e5 7. Bd3 g6 8. O-O h5 9. h3 Ngf6 10. Bg5 Qe7 11. Nb5 Qd8 12. Qa4 a6 13. Nxc7+ Qxc7 14. Bxf6 Rg8 15. Bg5 Be7 16. b4 a5 17. Rfb1 f6 18. Be3 g5 19. g4 hxg4 20. hxg4 axb4 21. Qxb4 Ra6 22. a4 Bd8 23. a5 Bc8 24. axb6 Nxb6 25. Rxa6 Bxa6 26. Bxb6 Qh7 27. Bxd8 Rh8 28. Kf1 Bc8 29. Bxf6 Rf8 30. Qxd6 Qf7 31. Qd8# 1-0

[Event "CYCC U14"]
[Site "Sault Ste Marie CAN"]
[Date "2017.07.09"]
[Round "6.30"]
[White "Hua, Eugene"]
[Black "Huang, Qiuyu"]
[Result "1-0"]
[WhiteElo "2358"]
[BlackElo "2239"]
[WhiteFideId "-1"]
[WhiteFideId "-1"]
[PlyCount "61"]
[GameId "2160767908410565"]
[EventDate "2017.07.06"]
[EventType "swiss"]
[EventRounds "7"]
[EventCountry "CAN"]
[SourceTitle "hb 2017"]

1. e4 c5 2. Nf3 Nc6 3. Bb5 g6 4. Bxc6 bxc6 5. O-O Bg7 6. Re1 Nh6 7. c3 O-O 8. h3 f5 9. e5 Nf7 10. d3 Rb8 11. Qa4 Qc7 12. Bf4 d6 13. exd6 exd6 14. Nbd2 h6 15. h4 Bf6 16. Re3 Kh7 17. Rae1 Bd7 18. Qc4 Qd8 19. d4 cxd4 20. cxd4 a5 21. a3 Rb5 22. Qc2 Rd5 23. Nc4 g5 24. hxg5 hxg5 25. Be5 g4 26. Bxf6 Qxf6 27. Nb6 Qd8 28. Nxd7 Qxd7 29. Re7 Qc8 30. Ng5+ Kg8 31. Nxf7 1-0

[Event "CYCC U14"]
[Site "Sault Ste Marie CAN"]
[Date "2017.07.09"]
[Round "6.33"]
[White "Gaisinsky, Adam"]
[Black "Lehingrat, Callum"]
[Result "1/2-1/2"]
[WhiteElo "2056"]
[BlackElo "1794"]
[WhiteFideId "-1"]
[WhiteFideId "-1"]
[PlyCount "64"]
[GameId "2160767908410568"]
[EventDate "2017.07.06"]
[EventType "swiss"]
[EventRounds "7"]
[EventCountry "CAN"]
[SourceTitle "EXT 2022"]
[Source "ChessBase"]
[SourceDate "2021.10.06"]
[SourceVersion "1"]
[SourceVersionDate "2021.10.06"]
[SourceQuality "1"]

1. e4 c5 2. Nf3 d6 3. d4 cxd4 4. Nxd4 Nf6 5. Nc3 a6 6. Bg5 e6 7. f4 h6 8. Bh4 Be7 9. Qf3 Qc7 10. O-O-O Nbd7 11. g4 g5 12. fxg5 Ne5 13. Qg3 Nfxg4 14. gxh6 Rxh6 15. Bxe7 Qxe7 16. h3 Bd7 17. Be2 Nf6 18. Qe3 Rh4 19. Nf3 Nxf3 20. Bxf3 Bc6 21. e5 dxe5 22. Bxc6+ bxc6 23. Qxe5 Rh5 24. Qe2 Qc5 25. Rhg1 Rg5 26. Rxg5 Qxg5+ 27. Kb1 Nd5 28. Qc4 Kd7 29. Qd4 Kc7 30. Ne4 Qe3 31. Qc4 Qxh3 32. Qc5 Qe3 1/2-1/2

[Event "CYCC U14"]
[Site "Sault Ste Marie CAN"]
[Date "2017.07.09"]
[Round "6.34"]
[White "Washimkar, Arhant"]
[Black "Surya, Benito"]
[Result "0-1"]
[WhiteElo "1922"]
[BlackElo "1994"]
[WhiteFideId "-1"]
[WhiteFideId "-1"]
[PlyCount "106"]
[GameId "2160767908410569"]
[EventDate "2017.07.06"]
[EventType "swiss"]
[EventRounds "7"]
[EventCountry "CAN"]
[SourceTitle "hb 2017"]

1. e4 d5 2. exd5 Qxd5 3. Nc3 Qa5 4. d4 Nf6 5. Bc4 Nc6 6. Nge2 Bg4 7. f3 Be6 8. Bxe6 fxe6 9. f4 O-O-O 10. Qd3 g6 11. O-O Nb4 12. Qe3 Qb6 13. Na4 Qc6 14. Qb3 Nxc2 15. Rb1 Nxd4 16. Nxd4 Rxd4 17. Nc3 Qb6 18. Qxb6 axb6 19. Re1 Nd5 20. Rxe6 Nxf4 21. Bxf4 Rxf4 22. Nd5 Rd4 23. Nxe7+ Kd7 24. Rbe1 Rd2 25. b3 Rxa2 26. Nd5 Bc5+ 27. Kh1 Bd6 28. Nf6+ Kc6 29. Rc1+ Kb5 30. Ne4 Bb4 31. h4 c6 32. Re5+ c5 33. Re6 Rf8 34. Nd6+ Ka6 35. Nc4 Rff2 36. Nxb6 Rxg2 37. Nc4+ Ka7 38. Nd6 Rh2+ 39. Kg1 Rhg2+ 40. Kh1 b6 41. Re7+ Kb8 42. Ra1 Rh2+ 43. Kg1 Rxa1+ 44. Kxh2 Ra2+ 45. Kh3 Ra3 46. Re8+ Kc7 47. Ne4 Rxb3+ 48. Kg4 c4 49. Rh8 c3 50. Rxh7+ Kc6 51. Rh8 Kb7 52. Rh7+ Kc6 53. Rh8 Kd5 0-1

[Event "CYCC U14"]
[Site "Sault Ste Marie CAN"]
[Date "2017.07.09"]
[Round "6.35"]
[White "Makarczyk, David"]
[Black "Zhang, Henry"]
[Result "0-1"]
[WhiteElo "1414"]
[BlackElo "2108"]
[WhiteFideId "-1"]
[WhiteFideId "-1"]
[PlyCount "70"]
[GameId "2160767908410570"]
[EventDate "2017.07.06"]
[EventType "swiss"]
[EventRounds "7"]
[EventCountry "CAN"]
[SourceTitle "hb 2017"]

1. d4 Nf6 2. c4 g6 3. Nc3 d5 4. Bg5 Ne4 5. Bf4 Nxc3 6. bxc3 dxc4 7. Qa4+ Qd7 8. Qxc4 Nc6 9. Nf3 Bg7 10. Rd1 O-O 11. e4 Qg4 12. Bxc7 Qxe4+ 13. Be2 Bd7 14. Qd3 Qxd3 15. Bxd3 Rac8 16. Bf4 Na5 17. Bd2 Be6 18. Ke2 b6 19. a3 Rc7 20. Rc1 Rfc8 21. Ba6 Bc4+ 22. Bxc4 Rxc4 23. Rb1 Ra4 24. Ra1 Nb3 25. Ra2 Rac4 26. Rb1 Nxd2 27. Rxd2 Rxc3 28. Rd3 Rc2+ 29. Rd2 Bh6 30. Rxc2 Rxc2+ 31. Kd3 Rxf2 32. Rg1 Ra2 33. Ne5 Rxa3+ 34. Ke4 e6 35. Re1 f5# 0-1

[Event "CYCC U14"]
[Site "Sault Ste Marie CAN"]
[Date "2017.07.09"]
[Round "6.36"]
[White "Bu, Kevin1"]
[Black "Liao, Joseph"]
[Result "1-0"]
[WhiteElo "1981"]
[BlackElo "1674"]
[WhiteFideId "-1"]
[WhiteFideId "-1"]
[PlyCount "111"]
[GameId "2160767908410571"]
[EventDate "2017.07.06"]
[EventType "swiss"]
[EventRounds "7"]
[EventCountry "CAN"]
[SourceTitle "EXT 2022"]
[Source "ChessBase"]
[SourceDate "2021.10.06"]
[SourceVersion "1"]
[SourceVersionDate "2021.10.06"]
[SourceQuality "1"]

1. e4 e6 2. d4 d5 3. exd5 exd5 4. Bd3 Bd6 5. h3 h6 6. Nf3 Nf6 7. O-O O-O 8. Re1 Re8 9. Ne5 c5 10. c3 Nc6 11. Nxc6 bxc6 12. dxc5 Bxc5 13. Nd2 a5 14. Nb3 Bb6 15. Bf4 c5 16. Bc2 Ba6 17. Qf3 Qd7 18. Bxh6 Rxe1+ 19. Rxe1 a4 20. Nd2 gxh6 21. Qxf6 Re8 22. Rxe8+ Qxe8 23. Nf3 Qe6 24. Qxe6 fxe6 25. Bxa4 Bc7 26. b4 Be2 27. bxc5 Bxf3 28. gxf3 Kf7 29. Kf1 Ke7 30. Ke2 Ba5 31. Kd3 Bc7 32. Bb5 Bh2 33. a4 Bc7 34. c4 dxc4+ 35. Kxc4 Ba5 36. Kd3 Bb4 37. c6 Kd6 38. f4 Bc5 39. f3 Bb6 40. Ke4 Ke7 41. f5 Kf6 42. fxe6 Kxe6 43. f4 h5 44. f5+ Kf7 45. Be2 h4 46. Kd5 Bc7 47. Bg4 Ke7 48. Kc5 Bd8 49. Kb5 Kd6 50. a5 Kc7 51. a6 Kb8 52. Bf3 Ka7 53. f6 Kb8 54. f7 Be7 55. c7+ Kxc7 56. a7 1-0

[Event "CYCC U14"]
[Site "Sault Ste Marie CAN"]
[Date "2017.07.09"]
[Round "6.37"]
[White "Wang, Kaixin"]
[Black "Mirabelli, Aidan"]
[Result "1/2-1/2"]
[WhiteElo "1957"]
[BlackElo "1453"]
[WhiteFideId "-1"]
[WhiteFideId "-1"]
[PlyCount "55"]
[GameId "2160767908410572"]
[EventDate "2017.07.06"]
[EventType "swiss"]
[EventRounds "7"]
[EventCountry "CAN"]
[SourceTitle "hb 2017"]

1. e4 c5 2. c3 Nf6 3. e5 Nd5 4. Nf3 d6 5. d4 cxd4 6. exd6 e6 7. cxd4 Bxd6 8. Nc3 Nxc3 9. bxc3 Nc6 10. Bd3 Qc7 11. O-O O-O 12. Bxh7+ Kh8 13. Bd3 f5 14. h3 g6 15. Re1 e5 16. Bb5 e4 17. Bxc6 Qxc6 18. Nh4 Be7 19. d5 Qa6 20. g3 Bxh4 21. gxh4 Bd7 22. Qd2 Rf7 23. Bb2 Kh7 24. a4 Re8 25. Qd4 f4 26. Rxe4 Rxe4 27. Qxe4 Qf6 28. Rd1 1/2-1/2

[Event "CYCC U14"]
[Site "Sault Ste Marie CAN"]
[Date "2017.07.09"]
[Round "6.38"]
[White "Feng, Richard"]
[Black "Xu, William1"]
[Result "1-0"]
[WhiteElo "1866"]
[BlackElo "1283"]
[WhiteFideId "-1"]
[WhiteFideId "-1"]
[PlyCount "63"]
[GameId "2160767908410573"]
[EventDate "2017.07.06"]
[EventType "swiss"]
[EventRounds "7"]
[EventCountry "CAN"]
[SourceTitle "EXT 2022"]
[Source "ChessBase"]
[SourceDate "2021.10.06"]
[SourceVersion "1"]
[SourceVersionDate "2021.10.06"]
[SourceQuality "1"]

1. e4 d6 2. d4 Nf6 3. Nc3 g6 4. f4 Bg4 5. Nf3 Nc6 6. Be3 Bxf3 7. Qxf3 Qc8 8. e5 Ng4 9. exd6 cxd6 10. d5 Nxe3 11. dxc6 Nxc2+ 12. Kd1 bxc6 13. Kxc2 Bg7 14. Re1 Rb8 15. Bc4 Qb7 16. Bb3 O-O 17. f5 Kh8 18. Qe4 Rbe8 19. fxg6 fxg6 20. Rhf1 e5 21. Qd3 d5 22. Rxf8+ Rxf8 23. Rf1 Rxf1 24. Qxf1 e4 25. Qf4 h6 26. Qd6 Kh7 27. Nxe4 dxe4 28. Qd8 h5 29. Bg8+ Kh6 30. Qd2+ g5 31. Qd6+ Bf6 32. Qxf6# 1-0